[Event "Lueneburg distr-ch Haupt"]
[Site "Muenster"]
[Date "2019.10.18"]
[Round "3"]
[White "Kurth, Guenter"]
[Black "Lewerenz, Max"]
[Result "1-0"]
[WhiteElo "1530"]
[BlackElo "1136"]
[PlyCount "45"]
[EventDate "2019.10.17"]
[EventType "swiss"]
[EventRounds "7"]
[EventCountry "GER"]
[SourceTitle "EXT 2023"]
[Source "ChessBase"]
[SourceDate "2022.10.05"]
[SourceVersion "1"]
[SourceVersionDate "2022.10.05"]
[SourceQuality "1"]

1. e4 e5 2. Nf3 Nc6 3. d4 d5 4. Nxe5 Nxe5 5. dxe5 Be6 6. Be2 Qd7 7. f4 g6 8. Nc3 Bb4 9. 0-0 Bc5+ 10. Kh1 Ne7 11. a3 a6 12. Bf3 d4 13. f5 Bc4 14. Be2 Bxe2 15. Nxe2 0-0-0 16. b4 Ba7 17. Bg5 Rhe8 18. Nf4 c6 19. e6 fxe6 20. Nxe6 gxf5 21. Nxd8 Qxd8 22. exf5 Qd6 23. Qh5 1-0

[Event "Lueneburg distr-ch Haupt"]
[Site "Bergen"]
[Date "2018.10.13"]
[Round "5.7"]
[White "Kurth, Guenter"]
[Black "Robertson, Roberto"]
[Result "0-1"]
[WhiteElo "1522"]
[BlackElo "1583"]
[PlyCount "76"]
[EventDate "2018.10.11"]
[EventType "swiss"]
[EventRounds "7"]
[EventCountry "GER"]
[SourceTitle "EXT 2020"]
[Source "ChessBase"]
[SourceDate "2019.10.17"]
[SourceVersion "1"]
[SourceVersionDate "2019.10.17"]
[SourceQuality "1"]

1. e4 c5 2. Nc3 Nc6 3. f4 e6 4. Nf3 d6 5. Be2 a6 6. 0-0 Qc7 7. d3 Be7 8. b3 Nf6 9. Bb2 b5 10. e5 dxe5 11. Ne4 Ng4 12. Bc1 exf4 13. Nfg5 f3 14. Nxf3 Nd4 15. Ng3 Nxe2+ 16. Qxe2 Bd6 17. Qe1 0-0 18. Nd2 Be5 19. Rb1 Bd4+ 20. Kh1 Ne3 21. Rf3 Nxc2 22. Qe2 Nb4 23. Bb2 Bb7 24. Bxd4 cxd4 25. Rff1 Nxa2 26. Nde4 f5 27. Ng5 Qe7 28. Qxe6+ Qxe6 29. Nxe6 Rf6 30. Nxd4 g6 31. Nf3 Rd8 32. Rbd1 Bxf3 33. Rxf3 Nc3 34. Rd2 Rfd6 35. Nf1 Nd5 36. Re2 Nb4 37. Re7 Rxd3 38. Rxd3 Rxd3 0-1

[Event "Lueneburg distr-ch Haupt"]
[Site "Bergen"]
[Date "2018.10.12"]
[Round "3.6"]
[White "Kurth, Guenter"]
[Black "Mitzko, Berthold"]
[Result "1-0"]
[WhiteElo "1522"]
[BlackElo "1607"]
[PlyCount "33"]
[EventDate "2018.10.11"]
[EventType "swiss"]
[EventRounds "7"]
[EventCountry "GER"]
[SourceTitle "EXT 2020"]
[Source "ChessBase"]
[SourceDate "2019.10.17"]
[SourceVersion "1"]
[SourceVersionDate "2019.10.17"]
[SourceQuality "1"]

1. e4 c5 2. Nc3 e6 3. f4 a6 4. Nf3 Qc7 5. d3 d6 6. Be2 g6 7. 0-0 Bg7 8. e5 dxe5 9. fxe5 b6 10. Ne4 Bxe5 11. Nxe5 Qxe5 12. Bf4 Qd4+ 13. Kh1 Qd7 14. Nd6+ Ke7 15. Nxf7 Kxf7 16. Bxb8+ Nf6 17. Be5 1-0

[Event "Lueneburg distr-ch Haupt"]
[Site "Lueneburg"]
[Date "2017.10.14"]
[Round "6"]
[White "Schmidt, Johannes2222"]
[Black "Kurth, Guenter"]
[Result "0-1"]
[WhiteElo "1632"]
[BlackElo "1495"]
[PlyCount "74"]
[EventDate "2017.10.12"]
[EventType "swiss"]
[EventRounds "7"]
[EventCountry "GER"]
[SourceTitle "EXT 2019"]
[Source "ChessBase"]
[SourceDate "2018.10.10"]
[SourceVersion "1"]
[SourceVersionDate "2018.10.10"]
[SourceQuality "1"]

1. d4 d5 2. Nf3 Nf6 3. Bf4 e6 4. e3 a6 5. c3 c5 6. Nbd2 Bd6 7. Ne5 0-0 8. Bd3 c4 9. Bc2 Qc7 10. Qf3 Nc6 11. Ng4 Nxg4 12. Qxg4 Bxf4 13. exf4 f5 14. Qg3 Ne7 15. Qf3 Ng6 16. g3 b5 17. h4 Rf6 18. h5 Nf8 19. Rh4 Rh6 20. Ke2 Nd7 21. Rg1 Nf6 22. Qg2 Rxh5 23. Rgh1 Rxh4 24. Rxh4 Bd7 25. Nf3 h6 26. Ne5 Be8 27. Qh2 b4 28. f3 bxc3 29. b3 Rb8 30. Ke3 Qa5 31. Rxh6 gxh6 32. Qxh6 Nh7 33. Qxe6+ Kh8 34. Qxf5 Qc7 35. g4 a5 36. g5 a4 37. g6 axb3 0-1

[Event "Lueneburg distr-ch Haupt"]
[Site "Tostedt"]
[Date "2015.10.24"]
[Round "5.6"]
[White "Kurth, Guenter"]
[Black "Suliga, Eckhard"]
[Result "0-1"]
[WhiteElo "1448"]
[BlackElo "1747"]
[PlyCount "32"]
[EventDate "2015.10.22"]
[EventType "swiss"]
[EventRounds "7"]
[EventCountry "GER"]
[SourceTitle "EXT 2019"]
[Source "ChessBase"]
[SourceDate "2018.10.10"]
[SourceVersion "1"]
[SourceVersionDate "2018.10.10"]
[SourceQuality "1"]

1. e4 e5 2. Nf3 Nc6 3. d4 exd4 4. Bc4 Nf6 5. e5 d5 6. exd6 Bxd6 7. Nxd4 Nxd4 8. Bxf7+ Kxf7 9. Qxd4 Re8+ 10. Be3 Be6 11. Nc3 c6 12. 0-0-0 Be7 13. Qf4 Qa5 14. h3 Kg8 15. g4 Nd5 16. Qe5 Bf6 0-1

[Event "Lueneburg distr-ch Haupt"]
[Site "Tostedt"]
[Date "2015.10.23"]
[Round "3.6"]
[White "Kurth, Guenter"]
[Black "Thomas, Jeremy"]
[Result "1/2-1/2"]
[WhiteElo "1448"]
[BlackElo "1404"]
[PlyCount "33"]
[EventDate "2015.10.22"]
[EventType "swiss"]
[EventRounds "7"]
[EventCountry "GER"]
[SourceTitle "EXT 2019"]
[Source "ChessBase"]
[SourceDate "2018.10.10"]
[SourceVersion "1"]
[SourceVersionDate "2018.10.10"]
[SourceQuality "1"]

1. e4 e5 2. Nf3 Nc6 3. d4 exd4 4. Bc4 Be7 5. Nxd4 Nf6 6. 0-0 0-0 7. Nc3 d6 8. Nf3 Bg4 9. Be2 Qd7 10. h3 Bh5 11. Bg5 Bxf3 12. Bxf3 Qd8 13. Qd2 Ne5 14. Be2 c6 15. Rad1 b5 16. a3 a5 17. b4 1/2-1/2